|
|
|
|
| LEADER |
00000nam0a2200000 4500 |
| 001 |
109183 |
| 005 |
20231031115933.0 |
| 035 |
|
|
|a (RuTPU)RU\TPU\book\117852
|
| 090 |
|
|
|a 109183
|
| 100 |
|
|
|a 20070201d1973 m y0rusy50 ca
|
| 101 |
0 |
|
|a rus
|
| 102 |
|
|
|a RU
|
| 105 |
|
|
|a a j 001zy
|
| 200 |
1 |
|
|a Физико-химические методы исследования цементов
|e учебное пособие
|f П. П. Гайджуров [и др.]
|g Новочеркасский политехнический институт им. Серго Орджоникидзе (НПИ)
|
| 210 |
|
|
|a Новочеркасск
|c Редакционно-издат. отдел
|d 1973
|
| 215 |
|
|
|a 188 с.
|c ил.
|
| 320 |
|
|
|a Библиогр.: с. 183-186.
|
| 610 |
1 |
|
|a химическая технология
|
| 610 |
1 |
|
|a цемент
|
| 610 |
1 |
|
|a физико-химические исследования
|
| 610 |
1 |
|
|a портландцемент
|
| 610 |
1 |
|
|a портландцементный клинкер
|
| 610 |
1 |
|
|a кристаллохимия
|
| 610 |
1 |
|
|a микроскопические методы
|
| 610 |
1 |
|
|a электронно-микроскопическое изучение
|
| 610 |
1 |
|
|a рентгенографические исследования
|
| 610 |
1 |
|
|a инфракрасная спектроскопия
|
| 610 |
1 |
|
|a ЭПР
|
| 610 |
1 |
|
|a метод электронного парамагнитного резонанса
|
| 610 |
1 |
|
|a термография
|
| 610 |
1 |
|
|a учебные пособия
|
| 675 |
|
|
|a 666.94:54
|v 3
|
| 701 |
|
1 |
|a Гайджуров
|b П. П.
|
| 701 |
|
1 |
|a Грачьян
|b А. Н.
|
| 701 |
|
1 |
|a Зубехин
|b А. П.
|
| 701 |
|
1 |
|a Мандрыкин
|b Ю. И.
|
| 712 |
0 |
2 |
|a Новочеркасский политехнический институт им. Серго Орджоникидзе (НПИ)
|c (1948-1993)
|2 stltpush
|3 (RuTPU)RU\TPU\col\227
|
| 801 |
|
1 |
|a RU
|b 63413507
|c 20070201
|g PSBO
|
| 801 |
|
2 |
|a RU
|b 63413507
|c 20100420
|g PSBO
|
| 942 |
|
|
|c BK
|